00853nam a22002537a 450000500170000001000630001702000260008003500130010603500170011903500140013603700130015003700130016308200120017610000220018824501270021025000110033726000390034827000780038730000310046550000190049665000310051565000380054670000150058420230301120524.0 a1718EN-30 ENG-115225 B-687203-211 ENG-136187 a9789351501688c750.00 aEN-98757 aB-687203-211 aEN-119719 bTBIadpl bDBAD/PUB00a808.222 a De Fossard, Esta10aWriting and producing for television and film :bcommunication for behavior change /cby Esta de Fossard [and] John Riber a2nd ed aNew DelhibSAGE Publicationsc2015 aB1/I-1 Mohan Cooperative Industrial Area, Mathura RoadbNew Delhie110044 aV.2(viii,234p.)c24cm(pbk) aIncludes index a Radio plays xAuthorship. aRadio xProduction and direction. aRiber,John